BSOP header

Listening to the spirit in the text / (Record no. 5382)

MARC details
000 -LEADER
fixed length control field 00576nam a2200181 4500
008 - FIXED-LENGTH DATA ELEMENTS--GENERAL INFORMATION
fixed length control field 011212s2000 us engYA
020 ## - INTERNATIONAL STANDARD BOOK NUMBER
International Standard Book Number 0802847579
090 ## - LOCALLY ASSIGNED LC-TYPE CALL NUMBER (OCLC); LOCAL CALL NUMBER (OCLC)
Classification number (OCLC) (R) ; Classification number, CALL (RLIN) (NR) BS680.S7
Local cutter number (OCLC) ; Book number/undivided call number, CALL (RLIN) F32l
100 1# - MAIN ENTRY--PERSONAL NAME
Personal name Fee, Gordon D.
245 10 - TITLE STATEMENT
Title Listening to the spirit in the text /
Statement of responsibility, etc Gordon D. Fee.
260 ## - PUBLICATION, DISTRIBUTION, ETC. (IMPRINT)
Place of publication, distribution, etc Michigan :
Name of publisher, distributor, etc Eerdmans;
Place of publication, distribution, etc Vancouver :
Name of publisher, distributor, etc Regent,
Date of publication, distribution, etc c2000.
300 ## - PHYSICAL DESCRIPTION
Extent ix, 180 p.
650 #4 - SUBJECT ADDED ENTRY--TOPICAL TERM
Topical term or geographic name as entry element Church
General subdivision Biblical teaching.
650 #4 - SUBJECT ADDED ENTRY--TOPICAL TERM
Topical term or geographic name as entry element Spiritual life
General subdivision Biblical teaching.
951 ## - EQUIVALENCE OR CROSS-REFERENCE-GEOGRAPHIC NAME/AREA NAME [OBSOLETE] [CAN/MARC only]
General subdivision 00010460
950 0# - LOCAL HOLDINGS (RLIN)
-- 2.00
951 ## - EQUIVALENCE OR CROSS-REFERENCE-GEOGRAPHIC NAME/AREA NAME [OBSOLETE] [CAN/MARC only]
-- 24318
-- BS680.S7/F32l
-- 070613111027515
-- 2000-12-21
-- GC
942 00 - ADDED ENTRY ELEMENTS (KOHA)
Koha issues (borrowed), all copies 1
Holdings
Withdrawn status Lost status Damaged status Not for loan Home library Current library Shelving location Date acquired Accession number Shelving control number Total Checkouts Full call number Barcode Date last seen Date last borrowed Price effective from Koha item type
        BSOP Library BSOP Library GC 12/21/2000 24318 127 1 BS680.S7/F32l 00010460 12/20/2019 12/14/2019 02/23/2013 Books
BSOP

Biblical Seminary of the Philippines
  All rights Reserved
  © 2024

CONTACT INFORMATION

Biblical Seminary of the Philippines,
  77-B Karuhatan Road, Valenzuela City,
  PHILIPPINES 1441
  Phone: +632 8292-6795 / 8292-6798
  Fax : +632 8292-6675
  Email: library@bsop.edu.ph